000 00608nam a2200229Ia 4500
001 42654
005 20240114003515.0
007 ta
008 080711s1941 g b000 u asm u
040 _aCotton College,Assam
041 _aasm
082 _a891.41108
_bB 288 Ka
100 _aBarua, atul Chandra .
245 0 _aKavya Prabha /
_catul Chandra Barua.
_hTextual Documents
250 _a3rd ed /
260 _aGauhati :
_bAsom Book Stores ,
_c1941.
653 _aAssamese essays-Collection
653 _aRef-Assamese
942 _2ddc
_cBK
999 _c42620
_d42620